000 00473nam a22001697a 4500
003 OSt
005 20221012173245.0
008 221012b |||||||| |||| 00| 0 eng d
020 _a84-482-2041-2
040 _cBiblioteca Lado V
082 _a750
_bL539m
100 _9154
_aLele, Ouka
_eautora
245 _aLa magia de les dones/
260 _aValencia
_bMartin Impresores, S. L.
_c1999
300 _a31p.
_c17x23cm
942 _2ddc
_c1
_h750
_iL539m
_n0
999 _c2273
_d2273